Guía de diseño bioclimático : según clasificación de zonas de vida de Holdridge : [análisis climático de zonas de vida existentes en el país para la definición de estrategias pasivas por componente de la envolvente]
Kaydedildi:
| Yazar: | |
|---|---|
| Diğer Yazarlar: | , , , , , |
| Materyal Türü: | Bilinmiyor |
| Dil: | Spanish |
| Baskı/Yayın Bilgisi: |
[San José, Costa Rica]
2013
|
| Konular: | |
| Online Erişim: | https://cedi.ucr.ac.cr/arquitectura/guia-de-diseno-bioclimatico-segun-clasificacion-de-zonas-de-vida-de-holdridge/ |
| Etiketler: |
Etiketle
Etiket eklenmemiş, İlk siz ekleyin!
|
MARC
| LEADER | 00000 a2200000 4500 | ||
|---|---|---|---|
| 003 | EA0057 | ||
| 005 | 20231005134657.0 | ||
| 008 | 140114s2013 cr a 000 ||spa d | ||
| 040 | |c cru CEDI | ||
| 090 | |a TFG EA-057 | ||
| 100 | |a Alfaro Murillo, Ana Laura |9 20037 | ||
| 245 | |a Guía de diseño bioclimático : según clasificación de zonas de vida de Holdridge : [análisis climático de zonas de vida existentes en el país para la definición de estrategias pasivas por componente de la envolvente] | ||
| 260 | |a [San José, Costa Rica] |c 2013 | ||
| 500 | |a Seminario de graduación (licenciatura en arquitectura)--Universidad de Costa Rica. Facultad de Ingeniería. Escuela de Arquitectura, | ||
| 501 | |a Director de Seminario de Graduación: Msc. José Alí Porras Salazar | ||
| 650 | |x COSTA RICA - CLIMA |x ARQUITECTURA Y CLIMA |x DISEÑO ARQUITECTONICO - ASPECTOS AMBIENTALES |x ARQUITECTURA Y CONSERVACION DE LA ENERGIA |x ARQUITECTURA POPULAR |9 20038 | ||
| 700 | |9 20039 |a Aymerich Uhlenhaut, Nancy | ||
| 700 | |9 20040 |a Blanco Laurito, Gina | ||
| 700 | |9 20041 |a Bolaños Álvarez, Laura | ||
| 700 | |9 20042 |a Campos Monteros, Andrés | ||
| 700 | |9 20043 |a Matarrita Ortiz, Rolando | ||
| 700 | |9 90 |a Porras Salazar, José Alí, 1976- |d Director del TFG | ||
| 856 | |u https://cedi.ucr.ac.cr/arquitectura/guia-de-diseno-bioclimatico-segun-clasificacion-de-zonas-de-vida-de-holdridge/ |y https://cedi.ucr.ac.cr/arquitectura/guia-de-diseno-bioclimatico-segun-clasificacion-de-zonas-de-vida-de-holdridge/ | ||
| 942 | |c CEDI |2 ddc | ||
| 999 | |c 12899 |d 12899 | ||
